Bisexuality and the Challenge to Lesbian Politics (Record no. 351518)
[ view plain ]
| 000 -LEADER | |
|---|---|
| fixed length control field | 00722nam a2200133Ia 4500 |
| 008 - FIXED-LENGTH DATA ELEMENTS--GENERAL INFORMATION | |
| fixed length control field | 171212s9999 xx 000 0 und d |
| 100 ## - MAIN ENTRY--PERSONAL NAME | |
| Personal name | Rust, Paula C |
| 245 ## - TITLE STATEMENT | |
| Statement of responsibility, etc | Rust, Paula C |
| Title | Bisexuality and the Challenge to Lesbian Politics |
| Remainder of title | Sex, Loyalty, and Revolution |
| 260 ## - PUBLICATION, DISTRIBUTION, ETC. (IMPRINT) | |
| Name of publisher, distributor, etc | New York University Press |
| Date of publication, distribution, etc | 1995 |
| 440 ## - SERIES STATEMENT/ADDED ENTRY--TITLE | |
| Title | The Cutting Edge: Lesbian Life and Literature Series |
| 650 ## - SUBJECT ADDED ENTRY--TOPICAL TERM | |
| Topical term or geographic name as entry element | Lesbians -- United States -- Attitudes; Lesbians -- United States -- Identity; Lesbians -- United States -- Psychology; Bisexual women -- United States -- Attitudes; Bisexual women -- United States -- Psychology; Bisexuality -- Political aspects -- United |
| 650 ## - SUBJECT ADDED ENTRY--TOPICAL TERM | |
| Topical term or geographic name as entry element | Sociology |
| 856 ## - ELECTRONIC LOCATION AND ACCESS | |
| Uniform Resource Identifier | <a href="http://www.jstor.org/stable/j.ctt9qg5tm">http://www.jstor.org/stable/j.ctt9qg5tm</a> |
| Withdrawn status | Lost status | Damaged status | Home library | Current library | Date acquired | Total Checkouts | Full call number | Date last seen | Price effective from | Koha item type |
|---|---|---|---|---|---|---|---|---|---|---|
| College Library | College Library | 12/12/2017 | HQ 75.6.U5 .R87 1995 | 12/12/2017 | 12/12/2017 | Curriculum - Based eBooks |